000 00603nam a2200205Ia 4500
003 OSt
005 20220925204421.0
006 a|||||r|||| 00| 0
007 ta
008 220923b |||||||| |||| 00| 0 eng d
037 _cGeneral Book
040 _aRTL
_cRTL
_beng
041 _2eng
_aeng
082 _aU475:(L:5): (G:55), N7/TD
245 0 _aHealth and Environment in sustainable development
260 _aGeneva
_bWorld Health Organization
_c1997
500 _aBibliography:p 284-301
942 _hU475:(L:5): (G:55), N7/TD
_cGB
_2CC
999 _c549388
_d549388